000 00520nam a2200109Ia 4500
008 171212s9999 xx 000 0 und d
100 _aBurkhauser, Susan;Gates, Susan M.;Hamilton, Laura S.;Ikemoto, Gina Schuyler
245 _cBurkhauser, Susan;Gates, Susan M.;Hamilton, Laura S.;Ikemoto, Gina Schuyler
_aFirst-Year Principals in Urban School Districts
_bHow Actions and Working Conditions Relate to Outcomes
260 _bRAND Corporation
_c2012
650 _aEducation
856 _uwww.jstor.org/stable/10.7249/j.ctt3fh0fc
999 _c352093
_d352093